| 000 | 00787cam a2200217 4500 | ||
|---|---|---|---|
| 001 | WB3711-26 | ||
| 008 | 000000n2001 000 0 eng u | ||
| 035 | _a(Sirsi) u111373 | ||
| 245 | _aIndustry warning over mast ruling | ||
| 260 | _c2001 | ||
| 490 |
_aFinancial Times _v9 March 2001, 1(1) |
||
| 520 | _aA landmark planning decision which banned a new Orange mast because of possible health implications, could disrupt the introduction of new third generation networks, particularly if similar cases come to light. | ||
| 590 | _aWB | ||
| 650 | _aHEALTH RISKS | ||
| 650 | _aPLANNING SYSTEM | ||
| 650 | _aMOBILE PHONES | ||
| 650 | _aMOBILE PHONE MASTS | ||
| 650 | _aTELECOMMUNICATIONS | ||
| 690 | _aENVIRONMENTAL AND LAND CONSULTANCY-PLANNING AND DEVELOPMENT | ||
| 942 | _n0 | ||
| 999 |
_c66350 _d66350 |
||